000 01193cam a22003377a 4500
003 CHAP
005 20220329143016.0
008 050728s2003 mx r 00010 spa d
010 _a90605
011 _a91577
020 _a9706862323
035 _a102136
040 _cCHAP
082 0 4 _a658.3
_bR6
100 0 0 _aRodríguez Valencia, Joaquín.
_998942
245 1 0 _aAdministración moderna de personal :
_bFundamentos
_c/por Joaquín Rodríguez Valencia
250 _a6 ed.
260 _aMéxico, D. F. :
_bThomson
_c2003
300 _a418 p. :
_bcuadros, diagrámas
590 _aBATCH-UPD
_b10
_c20130110
_lUCH01
_h2057
590 _aBATCH-UPD
_b10
_c20130410
_lUCH01
_h1410
590 _aBATCH-UPD
_b10
_c20130914
_lUCH01
_h1908
590 _aCONVERSION
_b10
_c20130109
_lUCH01
_h1350
650 1 4 _aPersonal
_xAdministración de.
_987325
901 _aBK
905 _aElisama A. H.
942 _cLIBRO
949 _a658.3 R6
_bBC
_cLIBRO
_d33724000948543
_eLIBRO
_gI.c/e
_h106036
_i102136
_si
_t182.00
949 _a658.3 R6
_bBC
_cLIBRO
_d33724000948600
_eLIBRO
_fc.2
_gI.c/e
_h106037
_i102136
_si
_t182.00
949 _a658.3 R6
_bBC
_cLIBRO
_d33724000948667
_eLIBRO
_fc.3
_gI.c/e
_h106038
_i102136
_si
_t182.00
999 _c90605
_d90605